Variations involved in field measurements of transpiration rates and stomatal diffusive resistance of Hevea brasiliensis Muell. Arg. Clones and the relationship of the latter with net photosynthetic rates (Record no. 72122)

MARC details
000 -LEADER
fixed length control field 00612nam a2200157Ia 4500
100 ## - MAIN ENTRY--AUTHOR NAME
Personal name Nugawela A
245 #0 - TITLE STATEMENT
Title Variations involved in field measurements of transpiration rates and stomatal diffusive resistance of Hevea brasiliensis Muell. Arg. Clones and the relationship of the latter with net photosynthetic rates
260 ## - PUBLICATION, DISTRIBUTION, ETC. (IMPRINT)
Name of publisher Journal of the Rubber Research Institute of Sri Lanka
Year of publication 1984
300 ## - PHYSICAL DESCRIPTION
Number of Pages 47-58
650 ## - SUBJECT ADDED ENTRY--TOPICAL TERM
Topical Term Hevea brasiliensis
650 ## - SUBJECT ADDED ENTRY--TOPICAL TERM
Topical Term Photosynthetic rates
700 ## - ADDED ENTRY--PERSONAL NAME
Personal name Aluthhewage R K
700 ## - ADDED ENTRY--PERSONAL NAME
Personal name Wickremasinghe W N
942 ## - ADDED ENTRY ELEMENTS (KOHA)
Koha item type Journals
Holdings
Withdrawn status Lost status Damaged status Not for loan Home library Current library Shelving location Date acquired Serial Enumeration / chronology Koha item type
      Journals RRII Library RRII Library Botany 17/12/2021 Volume 62, Issue Journals